Tratado Latinoamericano de sociología del trabajo /

Se muestra las vertientes más importantes del tema de la cultura laboral, enfocado principalmente a lo que se ha desarrollado en América Latina. Se divide en dos partes diferentes, la primera se realiza una discusión en el plano internacional partiendo desde la segunda guerra mundial hasta la actual...

Повний опис

Збережено в:
Бібліографічні деталі
Автор: Garza Toledo, Enrique de la
Співавтори: FLACSO, El Colegio de México Universidad Autónoma Metropolitana Fondo de Cultura Económica
Інші автори: coord
Формат: Текст
Опубліковано: México, D.F.: El Colegio México
Предмети:
Теги: Додати тег
Немає тегів, Будьте першим, хто поставить тег для цього запису!

MARC

LEADER 00000 a a2200000 04500
001 26863
003
040
020 |a 968-16-6026-9  
090 |a 146608  
100 |a Garza Toledo, Enrique de la  
110 |a FLACSO  
245 |a Tratado Latinoamericano de sociología del trabajo /  |c FLACSO  
260 |a México, D.F.:   |b El Colegio México  
300 |a 796 p  
520 |a Se muestra las vertientes más importantes del tema de la cultura laboral, enfocado principalmente a lo que se ha desarrollado en América Latina. Se divide en dos partes diferentes, la primera se realiza una discusión en el plano internacional partiendo desde la segunda guerra mundial hasta la actualidad. La se segunda parte se dedica a América Latina en donde se realiza una análisis de la influencia de las corrientes teóricas y metodológicas provenientes de Europa que se contrasta con los enfoques desarrollistas materialistas y tecnologístas que predominaban para los años ochenta en latinoamérica..Paralelo a esto, se señala la situación socioplítica y económica de la región en el periódo de los setentas y ochentas, las cuales insidieron para que cambiara la participación de los trabajadores y su orientación hacia el trabajo probocando una transformación en las identidades ocupacionales y profesionales..Es decir, que se reconoce las diversas circunstancias que impulsaron a que la cultura del trabajo se combirtiera en un enfoque multidisplinario./WMVSe muestra las vertientes más importantes del tema de la cultura laboral, enfocado principalmente a lo que se ha desarrollado en América Latina. Se divide en dos partes diferentes, la primera se realiza una discusión en el plano internacional partiendo desde la segunda guerra mundial hasta la actualidad. La se segunda parte se dedica a América Latina en donde se realiza una análisis de la influencia de las corrientes teóricas y metodológicas provenientes de Europa que se contrasta con los enfoques desarrollistas materialistas y tecnologístas que predominaban para los años ochenta en latinoamérica..Paralelo a esto, se señala la situación socioplítica y económica de la región en el periódo de los setentas y ochentas, las cuales insidieron para que cambiara la participación de los trabajadores y su orientación hacia el trabajo probocando una transformación en las identidades ocupacionales y profesionales..Es decir, que se reconoce las diversas circunstancias que impulsaron a que la cultura del trabajo se combirtiera en un enfoque multidisplinario./WMV  
650 |a TRABAJO  
650 |a TEORIA  
650 |a ANALISIS SOCIOLOGICO  
650 |a CULTURA  
650 |a FACTORES CULTURALES  
650 |a CAMBIO CULTURAL  
650 |a ORGANIZACION DEL TRABAJO  
650 |a TRABAJADORES  
650 |a RELACIONES LABORALES  
650 |a CALIFICACIONES OCUPACIONALES  
700 |a coord  
710 |a El Colegio de México   |a Universidad Autónoma Metropolitana   |a Fondo de Cultura Económica  
999 |c 12653  |d 12653